The southern flank of NATO, 1951-1959 : military strategy or political stabilization /

Bibliographic Details
Main Author: Chourchoulis, Dionysios K.
Format: Book
Language:English
Published: Lanham, Maryland : Lexington Books, an imprint of the Rowman & Littlefield Publishing Group, Inc., [2015]
Subjects:

MARC

Tag First Indicator Second Indicator Subfields
LEADER 00000cam a2200000 i 4500
001 in00003498621
005 20151206125924.0
008 141103t20152015mdu b 001 0 eng
010 |a  2014043321 
020 |a 9780739193051 (cloth : alk. paper) 
020 |a 0739193058 (cloth : alk. paper) 
020 |a 9780739193068 (electronic) 
020 |a 0739193066 (electronic) 
035 |a (OCoLC)ocn890068124 
040 |a DLC  |e rda  |c DLC  |d TXA  |d UtOrBLW 
043 |a l------  |a n-us---  |a mm-----  |a aw----- 
049 |a TXAM 
050 0 0 |a UA646.3  |b .C49448 2015 
082 0 0 |a 355/.0335409045  |2 23 
100 1 |a Chourchoulis, Dionysios K. 
245 1 4 |a The southern flank of NATO, 1951-1959 :  |b military strategy or political stabilization /  |c Dionysios K. Chourchoulis. 
264 1 |a Lanham, Maryland :  |b Lexington Books, an imprint of the Rowman & Littlefield Publishing Group, Inc.,  |c [2015] 
264 4 |c ©2015 
300 |a xxxiii, 251 pages :  |b maps ;  |c 24 cm. 
336 |a text  |b txt  |2 rdacontent 
337 |a unmediated  |b n  |2 rdamedia 
338 |a volume  |b nc  |2 rdacarrier 
504 |a Includes bibliographical references (pages 231-239) and index. 
610 2 0 |a North Atlantic Treaty Organization  |x History  |y 20th century. 
610 2 0 |a North Atlantic Treaty Organization  |z Mediterranean Region. 
610 2 0 |a North Atlantic Treaty Organization  |z Middle East. 
945 |a PromptCat 
948 |a cataloged  |b h  |c 2015/2/18  |d c  |e dmitchel  |f 8:00:00 am 
994 |a C0  |b TXA 
999 |a MARS 
999 f f |s 9e6e1be3-b9e6-32e9-b3a1-e8b530eb97e8  |i 2be890fa-f6e6-309f-a8ae-0c37368972c5  |t 0 
952 f f |p normal  |a Texas A&M University  |b College Station  |c Sterling C. Evans Library  |d Evans: Library Stacks  |t 0  |e UA646.3 .C49448 2015  |h Library of Congress classification  |i unmediated -- volume  |m A14842945462 
998 f f |a UA646.3 .C49448 2015  |t 0  |l Evans: Library Stacks